| 000 | 01146nam0a22003011 4500 | ||
|---|---|---|---|
| 001 | rc\2219767 | ||
| 005 | 20110829175917.4 | ||
| 035 | _a(NLR Aleph) 006707219 | ||
| 090 |
_a5305397 _c5305397 |
||
| 100 | _a20110829d1978 |||y0rusy50 ca | ||
| 101 | 0 | _arus | |
| 102 | _aRU | ||
| 105 | _aa j ||||| | ||
| 200 | 1 |
_aРусская литература _eУчебник для 8-го кл. сред. школы _f[Н.К. Семенова, Н.А. Спицына, В.И. Коровин, Н.И. Громов] _gПод ред. Н.И. Громова |
|
| 205 | _a8-е изд. | ||
| 210 |
_aМосква _cПросвещение _d1978 |
||
| 215 |
_a271 с. _cил. _d22 |
||
| 606 |
_aРусская литература _jУчебники и пособия _2psbo |
||
| 701 | 1 |
_aКоровин _bВ. И. |
|
| 701 | 1 |
_aСеменова _bН. К. _gНаталья Константиновна |
|
| 701 | 1 |
_aСпицына _bН. А. |
|
| 702 | 1 |
_aГромов _bН. И. _gНиколай Иванович _4570 |
|
| 801 | 0 |
_aRU _bNLR _gpsbo |
|
| 801 | 1 |
_aRU _bELAR _2rusmarc |
|
| 852 |
_aNLR _j77-5/6666 |
||
| 899 |
_aRuMoRGB _jM 77-3/672 |
||
| 942 | _cBOOK | ||
| 980 | _aNB | ||